Musiker aus Mecklenburg-Vorpommern - Statistiken

Allgemein
  • Dieses Quiz wurde 62 mal gespielt
  • Das Durchschnittsergebnis liegt bei 2 aus 25
Antwortstatistiken
Songs Musiker/Band % Korrekt
Lila Wolken | Kids (2 Finger an den Kopf) Marteria
91%
Hengstin | Es tut wieder weh Jennifer Rostock
41%
Komplett im Arsch | Alles auf Rausch Feine Sahne Fischfilet
28%
Zeit bleib stehen! | Fliegen Dritte Wahl
6%
Verdammt (und dann stehst du im Regen) | Haß mich, wenn du kannst Wolfgang Ziegler
6%
Keine Lieder über Liebe | Das Privileg Waving the Guns
4%
Speaker Attack | Delicious Alexander Kowalski
2%
Haul | Alpine Sketch Christian Löffler
2%
Wollen wir uns | Spinnst du Christin Stark
2%
Disco up’n Dörp | De Isenbahnboomupundaldreier De Plattfööt
2%
Sag ihr auch | Für Mandy Gerd Christian
2%
Sagte mal ein Dichter | Reichtum der Welt Holger Biege
2%
Heimweh | Nimmst du mich mit Isabell Schmidt
2%
Du hast gelacht | Tanz in der Sommernacht Siegfried Uhlenbrock
2%
8000 Mark | Prinzessin Bad Supershirt
2%
Loom | No Need Aparde
0%
Beefheart | Her Tears Coogans Bluff
0%
Viva la Rostock | Company Crushing Caspars
0%
Absolute Gewinner | Terrorist Guaia Guaia
0%
Optimistisch | Herz zu verschenken Martin Goldenbaum
0%
Du bist es nicht wert | Das Herz Melotron
0%
Der Zug fährt ab | Wer hat sie gesehn Michael Hansen
0%
Zeilen für dich | Im Kreis Pyranja
0%
Nur mit dir | Sommer unseres Lebens Sebastian Hämer
0%
What Else | Archery The Micronaut
0%
Keine übereinstimmenden Quizze gefunden
Verteilung der Resultate
Anzahl Personen mit jedem Resultat
Perzentil nach korrekt beantworteten Fragen
Ihre Resultats-Entwicklung
Sie haben dieses Quiz noch nicht gespielt